000 00681nab a2200193 4500
001 244442
003 OSt
005 20250702085844.0
007 tu
008 200917s2020|||||||
040 _aDE-2950
_cDE-2950
245 0 0 _aAnhebung der Gebühren verschoben
_bDemo. Gegen die geplante Erhöhung der Entgelte für den Musikschulunterricht machten Betroffene mit Pauken und Trompeten Stimmung. Ihr Protest zeigte in der SVV erste Wirkung/
_cThomas Geuchen
264 _c2024
653 _aFrankfurt (Oder)
653 _aMusikschule
653 _aEntgelterhöhung
773 0 _g36. Jahrgang (2025) Nr. 142 vom 21.06.2025, S. 15 mit Foto
_tMärkische Oderzeitung
942 _2z
_cA
999 _c373853
_d373853